000 006030000a22001930004500
001 003472
003 MACL
005 20150920133044.0
008 150920b xxu||||| |||| 00| 0 eng d
040 _aMACL
_cMACL
041 _aEnglish
082 _a891.254/SEN
100 _aSharma, Devabrata Sen
_912413
245 _aA Desvrriptive Aatalogue of Sanskrit Manuscripts in The Sanskrit Sahitya Parishat Kolkata
_bVolume Three: Dharmasastra ( Smrti)
_cDevabrata Sen Sharma
260 _aKolkata
_c2004
_bSanskrit Sahitya parishat,
350 _a300
650 _aLiterature
_912414
942 _k891
_cBK
_2ddc
999 _c15372
_d15372